000 00385nam a22001697a 4500
005 20160614121040.0
008 160614b xxu||||| |||| 00| 0 eng d
020 _a81-7649-852-3
041 _aeng
082 _b7407
100 _aYoung, Math
_91878
245 _aThe technical writers handbook
260 _bViva Books
300 _a230
650 _aManagement
_9241
942 _cBK
999 _c2640
_d2639